Statistics for Top 10 Fast Food Outlets in Australia

Click here to take the quiz!

General Stats

  • This quiz has been taken 64 times
  • The average score is 7 of 10

Answer Stats

TypeNo. of StoresFranchise% Correct
Burger900McDonald's
100%
Pizza270Pizza Hut
100%
Chicken612KFC
98%
Sandwhich1,413Subway
91%
Pizza600Domino's
87%
Burger390Hungry Jack's
83%
Chicken360Red Rooster
54%
Chicken and Burger134Oporto
37%
Chicken264Nando's
30%
Mexican150Zambrero
30%

Score Distribution

Percentile by Number Answered

Percent of People with Each Score

Your Score History

You have not taken this quiz